NCHS - bilše uvahy

Bibliographic Details
Format: Article
Language:Ukrainian
Subjects:

MARC

LEADER 00000nab a2200000 a 4500
001 vtls000267960
003 SK-MaSNL
005 20260319074758.0
008 111130c1986 xo 0 ukr
015 |a SNBRB19rr/mm-uuuuu 
035 |a CL0278074 
040 |a SNKBUCL  |b slo  |c SNKBUCL  |e AACR2 
041 0 |a ukr 
044 |a xo  |c SK 
080 |a 374:061.2(437=83)  |2 1981 
080 |a 061.2(437=83)  |2 1981 
080 |a 061.3  |2 1981 
245 0 0 |a NCHS - bilše uvahy  |c (sp). 
610 2 7 |a Kultúrny zväz ukrajinských pracujúcich (Slovensko)  |2 snkbucl  |9 89421 
655 7 |a články z novín a časopisov  |2 snkbucl  |9 267496 
773 0 |t Nove žyttja  |g Roč. 36, č. 27 (4. 7. 1986), s. 3 
850 |a Slovenská národná knižnica v Martine  |a MTA001 
852 |a SNK  |b KIS3GCP 
992 |a RBX 
999 |c 1493721  |d 1495651